Mr. Cupcakes (Record no. 118224)

MARC details
000 -LEADER
fixed length control field 00642nam a2200241 i 4500
001 - CONTROL NUMBER
control field C2-0317133
003 - CONTROL NUMBER IDENTIFIER
control field PPAK
005 - DATE AND TIME OF LATEST TRANSACTION
control field 20180728113330.0
008 - FIXED-LENGTH DATA ELEMENTS--GENERAL INFORMATION
fixed length control field 120826s2012 my |||| ||||| | may d
020 ## - INTERNATIONAL STANDARD BOOK NUMBER
International Standard Book Number 9789674010386
040 ## - CATALOGING SOURCE
Original cataloging agency PPAK
Language of cataloging eng
Transcribing agency PPAK
Description conventions rda
082 04 - DEWEY DECIMAL CLASSIFICATION NUMBER
Classification number 899.233
Edition number 23
090 00 - LOCALLY ASSIGNED LC-TYPE CALL NUMBER (OCLC); LOCAL CALL NUMBER (RLIN)
Classification number (OCLC) (R) ; Classification number, CALL (RLIN) (NR) 899.233
Feature heading ILY
Feature heading G
100 0# - MAIN ENTRY--PERSONAL NAME
Personal name Ilya Alias,
Dates associated with a name 1988-
Relator term author
245 10 - TITLE STATEMENT
Title Mr. Cupcakes
264 #1 - PRODUCTION, PUBLICATION, DISTRIBUTION, MANUFACTURE, AND COPYRIGHT NOTICE
Place of production, publication, distribution, manufacture Batu Caves, Selangor :
Name of producer, publisher, distributor, manufacturer PTS One Sdn. Bhd. ,
Date of production, publication, distribution, manufacture, or copyright notice 2012
300 ## - PHYSICAL DESCRIPTION
Extent 228 pages ;
Dimensions 19 cm
336 ## - CONTENT TYPE
Source rdacontent
Content type term text
337 ## - MEDIA TYPE
Source rdamedia
Media type term unmediated
338 ## - CARRIER TYPE
Source rdacarrier
Carrier type term volume
650 10 - SUBJECT ADDED ENTRY--TOPICAL TERM
Topical term or geographic name entry element Malay fiction.
942 ## - ADDED ENTRY ELEMENTS (KOHA)
-- dc
Koha item type Book
Holdings
Withdrawn Not for loan Current library Shelving location Date acquired Full call number Barcode Date last seen Koha item type Total Checkouts Date last checked out
    Perpustakaan Alor Setar Pinjaman Dewasa 24/09/2012 899.233 ILY A01383695 26/12/2018 Book 3 11/12/2018
    Perpustakaan Alor Setar Pinjaman Dewasa 24/09/2012 899.233 ILY A01383696 03/12/2018 Book 2 24/11/2018
    Perpustakaan Bandar Baharu Pinjaman Dewasa 24/09/2012 899.233 ILY A01383704 09/05/2018 Book    
    Perpustakaan Jitra Pinjaman Dewasa 24/09/2012 899.233 ILY A01383698 28/08/2024 Book 1 29/07/2024
    Perpustakaan Kulim Pinjaman Dewasa 24/09/2012 899.233 ILY A01383700 18/02/2024 Book 4 28/01/2024
    Perpustakaan Merbok Pinjaman Dewasa 24/09/2012 899.233 ILY A01383707 09/05/2018 Book    
    Perpustakaan Yan Pinjaman Dewasa 24/09/2012 899.233 ILY A01383701 20/09/2022 Book 2 15/09/2022
    PD12, Kg. Padang, Baling Pinjaman Dewasa 24/09/2012 899.233 ILY A01383706 09/05/2018 Book